Gaming Quiz

Random Gaming Quiz

TI 1 Rosters Quiz Stats

 Plays Quiz not verified by Sporcle

Challenge
Share
Tweet
Embed
Score 0/83 Timer 15:00
0 Plays Today
Teams Player % Correct
Natus VincereDendi
96.4%
Natus VincereXBOCT
85.7%
Natus VincereLighTofHeaveN
85.7%
EHOMEDAI
85.7%
Natus VincereArtStyle
82.1%
Natus VincerePuppey
82.1%
Scythe.SGiceiceice
75%
Invictus GamingFerrari_430
67.9%
OK.Nirvana.intFear
67.9%
Meet Your MakersMiSeRy
64.3%
Invictus GamingZhou
64.3%
Invictus GamingDDC
64.3%
Moscow FiveARS-ART
64.3%
OK.Nirvana.intPajkatt
64.3%
OK.Nirvana.intUNiVeRsE
64.3%
TyLooDD
64.3%
Scythe.SGhyhy
60.7%
Scythe.SGxy-
60.7%
TyLooFaith
60.7%
EHOMEPLT
57.1%
Invictus GamingXiao8
57.1%
EHOME357
53.6%
Meet Your MakersMaelk
53.6%
Moscow FiveGod
53.6%
GosuGamers.netKuroKy
53.6%
OK.Nirvana.cnYao
53.6%
EHOME820
50%
MiTH-TrustLaKelz
50%
Teams Player % Correct
Next EvolutionsyndereN
50%
Moscow FiveDread
46.4%
OK.Nirvana.int1437
46.4%
MUFCkYxY
46.4%
OK.Nirvana.cnBanana
46.4%
Moscow FiveNS
42.9%
Moscow FiveSanta
42.9%
OK.Nirvana.intLacoste
42.9%
TyLooHao
42.9%
MUFCNet
42.9%
EHOMEFCB
39.3%
Meet Your MakersDeMoN
39.3%
Invictus GamingSanSheng
39.3%
OK.Nirvana.intComeWithMe
39.3%
Virus GamingSockshka
39.3%
Storm Games ClanTulex
39.3%
GosuGamers.netKebap
39.3%
Next EvolutionmiGGel
39.3%
TyLooAwoke
35.7%
GosuGamers.netAzen
35.7%
Next EvolutionAngeL
35.7%
Meet Your MakersPlaymatE
32.1%
TyLooKabu
32.1%
GosuGamers.netMirakel
32.1%
Mineski.InfinityJulz
25%
GosuGamers.netKev-
25%
Meet Your MakersMaNia
21.4%
MiTH-TrustaabBAA
21.4%
Teams Player % Correct
GosuGamers.netrmN
21.4%
Next EvolutionRyze
21.4%
MiTH-TrustTnK
17.9%
Mineski.InfinityVASH
17.9%
Mineski.InfinityOwa
17.9%
MUFCXiaoling
17.9%
Storm Games ClanWarlog
17.9%
OK.Nirvana.cnSeaking
17.9%
MiTH-Trustl3nu
14.3%
MiTH-TrustLookball
14.3%
Mineski.InfinityJohn
14.3%
Scythe.SGChawy
10.7%
Scythe.SGRoy
10.7%
Scythe.SGToFu
10.7%
Virus GamingPseudo
10.7%
Virus GamingPh0enix
10.7%
Virus GamingVladTepes
10.7%
Virus GamingMaldejambes
10.7%
Mineski.InfinityWootz
10.7%
MUFCSilverCross
10.7%
MUFCSharky
10.7%
Storm Games ClancraNich
10.7%
Storm Games ClanTonci
10.7%
Storm Games Clanlacek
10.7%
OK.Nirvana.cnKsssssss
10.7%
OK.Nirvana.cnInsence
10.7%
Next Evolutioneatenfish
10.7%

You're not logged in!

Compare scores with friends on all Sporcle quizzes.
Join for Free
OR
Log In

You Might Also Like...

Show Comments

Extras

Created Jun 30, 2017SourceReportNominate
Tags:dota, DOTA 2, esports

Top Quizzes Today


Score Distribution

Your Account Isn't Verified!

In order to create a playlist on Sporcle, you need to verify the email address you used during registration. Go to your Sporcle Settings to finish the process.

Report this User

Report this user for behavior that violates our Community Guidelines.

Details: